00000000nam##2200000za#4500
0019.612261
003CaOODSP
00520210929082755
007ta
008150406|1995||||xxc|||||     f|0| 0 eng|d
020 |a0-662-23499-5
040 |aCaOODSP|beng
043 |an-cn---
0861 |aFo29-6/31-1995E
1101 |aCanada. |bNatural Resources Canada. |bCanadian Forest Service.
24510|aSpruce budworms / |cby L. S. Unger.
260 |aVictoria - British Columbia : |bNatural Resources Canada. |c1995.
300 |a4p. : |bfigs., references ; |c28 cm.
4901 |aForest pest leaflet|v31
590 |a95-30|b1995-07-28
69007|aInsects|2gcpds
7201 |aUnger, L. S.
7760#|tSpruce budworms / |w(CaOODSP)9.573477
830#0|aForest pest leaflet ;|v31|w(CaOODSP)9.514653